Ausztria semlegességére emlékeztek Szegeden
Elmentve itt :
| Dokumentumtípus: | Cikk |
|---|---|
| Megjelent: |
2018-10-25
|
| Sorozat: | Délmagyarország
108 No. 248 |
| Kulcsszavak: | SZTE Frankofón Egyetemi Központ, Ünnepség |
| Online Access: | http://univ.bibl.u-szeged.hu/48931 |
| LEADER | 00573nab a2200169 i 4500 | ||
|---|---|---|---|
| 001 | univ48931 | ||
| 005 | 20181029122317.0 | ||
| 008 | 181029s2018 hu o 0|| zxx d | ||
| 040 | |a SZTE UnivHistória Repozitórium |b hun | ||
| 041 | |a zxx | ||
| 245 | 0 | 0 | |a Ausztria semlegességére emlékeztek Szegeden |h [elektronikus dokumentum] |
| 260 | |c 2018-10-25 | ||
| 300 | |a 5 | ||
| 490 | 0 | |a Délmagyarország |v 108 No. 248 | |
| 561 | |a Egyetemi hirarchívum | ||
| 695 | |a SZTE Frankofón Egyetemi Központ, Ünnepség | ||
| 856 | 4 | 0 | |u http://univ.bibl.u-szeged.hu/48931/1/9867616.pdf |z Dokumentum-elérés |